[Event "HUN-chT2 Breyer 1516"]
[Site "Hungary"]
[Date "2015.12.06"]
[Round "6.10"]
[White "Horvat, Sandor"]
[Black "Villanyi, Laszlo"]
[Result "1-0"]
[WhiteElo "1921"]
[BlackElo "1799"]
[PlyCount "73"]
[EventDate "2015.09.13"]
[EventType "team-tourn"]
[EventRounds "11"]
[EventCountry "HUN"]
[SourceTitle "CBM 170 Extra"]
[Source "ChessBase"]
[SourceDate "2016.02.25"]
[SourceVersion "1"]
[SourceVersionDate "2016.02.25"]
[SourceQuality "1"]
[WhiteTeam "Sarkany DSE"]
[BlackTeam "Gyor UDSE"]
[WhiteTeamCountry "HUN"]
[BlackTeamCountry "HUN"]

1. d4 Nf6 2. c4 e6 3. Nf3 c5 4. d5 exd5 5. cxd5 d6 6. Nc3 g6 7. e4 Bg4 8. Be2 Bxf3 9. gxf3 Bg7 10. Bf4 Nh5 11. Qa4+ Kf8 12. Bd2 Be5 13. Bh6+ Ke7 14. Qc2 Bf4 15. Bxf4 Nxf4 16. h4 a6 17. a4 Nd7 18. Qd2 Nxe2 19. Qxe2 h5 20. f4 f6 21. 0-0-0 Kf7 22. Rhg1 Qe7 23. Rg3 Rag8 24. Rdg1 Rh6 25. Qd2 Rhh8 26. Re1 Re8 27. Reg1 Reg8 28. Qd3 Rg7 29. Qc2 Rhg8 30. Qb3 b6 31. Qc4 g5 32. Qe2 g4 33. Qxa6 f5 34. exf5 Qxh4 35. Ne4 Qe7 36. Re3 Re8 37. Ng5+ 1-0

[Event "Budapest-chT1 Lilienthal 1314"]
[Site "Budapest"]
[Date "2014.03.09"]
[Round "9"]
[White "Horvat, Sandor"]
[Black "Horvath, Ilona Klara"]
[Result "1/2-1/2"]
[WhiteElo "1834"]
[BlackElo "1930"]
[PlyCount "38"]
[EventDate "2013.09.29"]
[EventType "team-tourn"]
[EventRounds "11"]
[EventCountry "HUN"]
[SourceTitle "EXT 2021"]
[Source "ChessBase"]
[SourceDate "2020.10.23"]
[SourceVersion "1"]
[SourceVersionDate "2020.10.23"]
[SourceQuality "1"]
[WhiteTeam "Sarkany II"]
[BlackTeam "Fabulon"]
[WhiteTeamCountry "HUN"]
[BlackTeamCountry "HUN"]

1. d4 d5 2. Nf3 c6 3. g3 Nf6 4. Bg2 Bf5 5. 0-0 e6 6. Nbd2 c5 7. c4 Nc6 8. cxd5 exd5 9. Qa4 Bd6 10. dxc5 Bxc5 11. Nb3 Bd6 12. Bf4 0-0 13. Bxd6 Qxd6 14. Nbd4 Be4 15. Rac1 Rfe8 16. Nxc6 bxc6 17. Rxc6 Qe7 18. Nd4 Rab8 19. Rfc1 Rb4 1/2-1/2

[Event "Budapest-chT1 Lilienthal 1314"]
[Site "Budapest"]
[Date "2013.10.13"]
[Round "2"]
[White "Horvat, Sandor"]
[Black "Molnar, Tibor1111"]
[Result "1-0"]
[WhiteElo "1834"]
[BlackElo "1909"]
[PlyCount "109"]
[EventDate "2013.09.29"]
[EventType "team-tourn"]
[EventRounds "11"]
[EventCountry "HUN"]
[SourceTitle "EXT 2021"]
[Source "ChessBase"]
[SourceDate "2020.10.23"]
[SourceVersion "1"]
[SourceVersionDate "2020.10.23"]
[SourceQuality "1"]
[WhiteTeam "Sarkany II"]
[BlackTeam "Budapest EAC III"]
[WhiteTeamCountry "HUN"]
[BlackTeamCountry "HUN"]

1. d4 e6 2. c4 f5 3. Nf3 Nf6 4. Nc3 Bb4 5. Bd2 0-0 6. g3 Qe7 7. Bg2 d6 8. a3 Bxc3 9. Bxc3 Nbd7 10. 0-0 Ne4 11. Qc2 e5 12. dxe5 dxe5 13. Nd2 Nxc3 14. Qxc3 e4 15. b4 Nf6 16. Rfd1 Bd7 17. Nf1 Ba4 18. Rd2 Rae8 19. Ne3 Qe6 20. Bf1 g5 21. Bh3 g4 22. Bf1 c6 23. Ng2 Nh5 24. e3 Rd8 25. Raa2 Qe7 26. Nh4 Ng7 27. Rxd8 Rxd8 28. Rd2 Kf8 29. Ng2 Ne6 30. Rxd8+ Qxd8 31. Qh8+ Kf7 32. Qxh7+ Ng7 33. Nf4 Qg5 34. Qh8 a6 35. Qc8 Qe7 36. h4 gxh3 37. Bxh3 Bd1 38. Bxf5 Bf3 39. Qd7 Nxf5 40. Qxf5+ Kg7 41. Ne6+ Kg8 42. Qg5+ Kf7 43. Nd8+ Ke8 44. Qxe7+ Kxe7 45. Nxb7 Be2 46. c5 Ke6 47. Kg2 Bg4 48. Nd6 Kd5 49. Kf1 Bf3 50. Ke1 a5 51. Kd2 axb4 52. axb4 Bg4 53. Kc3 Be2 54. Nf5 Bg4 55. Ne7+ 1-0